| 000 | 00687nam a22002297a 4500 | ||
|---|---|---|---|
| 999 |
_c9307 _d9307 |
||
| 003 | AR-CdUCM | ||
| 008 | 190327b ||||| |||| 00| 0 spa d | ||
| 040 |
_aMUNICIPALIDAD PROVINCIAL DEL CUSCO _cBIBLIOTECA MUNICIPAL DEL CUSCO |
||
| 082 |
_a869.56 / _bP58 |
||
| 100 |
_aPimentel, Jorge _925420 |
||
| 245 | _aAve soul / | ||
| 260 |
_aMadrid : _bLa Bolsa, _c1973. |
||
| 300 |
_a66 páginas _c17 cm. |
||
| 440 |
_aColección Rinoceronte _925421 |
||
| 500 | _aCon dedicatoria a Luis Nieto -- Donación de la familia Nieto | ||
| 505 | _aContenido : Poesía | ||
| 650 |
_aPoesía _9444 |
||
| 650 |
_aSiglo XX _98 |
||
| 650 |
_aLiteratura _9416 |
||
| 942 |
_2ddc _cLIBROS |
||
| 945 | _admma | ||